Belgian Province Flags - Statistics

General Stats
  • This quiz has been taken 64 times
  • The average score is 9 of 11
Answer Stats
Picture Answer % Correct
Antwerp
89%
Brussels Capital Region
89%
Liège
85%
Luxembourg
85%
West Flanders
85%
East Flanders
83%
Limburg
77%
Namur
72%
Flemish Brabant
70%
Walloon Brabant
64%
Hainaut
57%
No matching quizzes found
Score Distribution
Percent of People with Each Score
Percentile by Number Answered
Your Score History
You have not taken this quiz